[Event "Amsterdam Science Park op-A 3rd"]
[Site "Amsterdam"]
[Date "2013.07.14"]
[Round "9"]
[White "Vos, Tjark"]
[Black "Van der Poel, Henk"]
[Result "0-1"]
[WhiteElo "2034"]
[BlackElo "2266"]
[PlyCount "52"]
[EventDate "2013.07.06"]
[EventType "swiss"]
[EventRounds "9"]
[EventCountry "NED"]
[SourceTitle "CBM 155 Extra"]
[Source "ChessBase"]
[SourceDate "2013.08.26"]
[SourceVersion "1"]
[SourceVersionDate "2013.08.26"]
[SourceQuality "1"]

1. e4 c5 2. Nf3 e6 3. d4 cxd4 4. Nxd4 Nc6 5. Nc3 Qc7 6. Be3 a6 7. Be2 Nf6 8. 0-0 Bb4 9. Na4 Be7 10. Nxc6 bxc6 11. Nb6 Rb8 12. Nxc8 Qxc8 13. Bd4 Qc7 14. e5 Nd5 15. Bxa6 c5 16. c4 Nb4 17. Bb5 cxd4 18. a3 Nc6 19. Bxc6 dxc6 20. Qxd4 0-0 21. Rad1 Rfd8 22. Qc3 c5 23. b3 Rd4 24. Rxd4 cxd4 25. Qxd4 Rxb3 26. Rd1 Rxa3 0-1

[Event "Amsterdam Science Park op-A 3rd"]
[Site "Amsterdam"]
[Date "2013.07.11"]
[Round "6"]
[White "Van der Poel, Henk"]
[Black "Dijkhuis, Tycho"]
[Result "1/2-1/2"]
[WhiteElo "2266"]
[BlackElo "2152"]
[PlyCount "41"]
[EventDate "2013.07.06"]
[EventType "swiss"]
[EventRounds "9"]
[EventCountry "NED"]
[SourceTitle "CBM 155 Extra"]
[Source "ChessBase"]
[SourceDate "2013.08.26"]
[SourceVersion "1"]
[SourceVersionDate "2013.08.26"]
[SourceQuality "1"]

1. e4 c5 2. Nf3 d6 3. d4 cxd4 4. Nxd4 Nf6 5. Nc3 g6 6. Be3 Bg7 7. Be2 Nc6 8. Qd2 0-0 9. 0-0-0 Nxd4 10. Bxd4 Be6 11. Kb1 Qa5 12. a3 Rfc8 13. Bxf6 Bxf6 14. Nd5 Qxd2 15. Nxf6+ Kg7 16. Nh5+ gxh5 17. Rxd2 Rc5 18. Bd3 Kf6 19. f4 Rg8 20. Rf1 Bc4 21. Bxc4 1/2-1/2

[Event "Amsterdam Science Park op-A 3rd"]
[Site "Amsterdam"]
[Date "2013.07.07"]
[Round "2"]
[White "Van der Poel, Henk"]
[Black "Boelhouwer, Collin"]
[Result "1-0"]
[WhiteElo "2266"]
[BlackElo "2103"]
[PlyCount "59"]
[EventDate "2013.07.06"]
[EventType "swiss"]
[EventRounds "9"]
[EventCountry "NED"]
[SourceTitle "CBM 155 Extra"]
[Source "ChessBase"]
[SourceDate "2013.08.26"]
[SourceVersion "1"]
[SourceVersionDate "2013.08.26"]
[SourceQuality "1"]

1. e4 c5 2. Nf3 d6 3. d4 cxd4 4. Nxd4 Nf6 5. Nc3 a6 6. f4 e5 7. Nf3 Nbd7 8. Bd3 Be7 9. 0-0 0-0 10. Kh1 exf4 11. Bxf4 Nh5 12. Be3 Ndf6 13. Nd4 g6 14. Be2 Be6 15. Nf5 Bxf5 16. exf5 Rc8 17. Bd4 d5 18. g4 Ng7 19. g5 Nxf5 20. gxf6 Bxf6 21. Bxf6 Qxf6 22. Bd3 d4 23. Bxf5 gxf5 24. Nd5 Qe5 25. Rxf5 Qe4+ 26. Qf3 Qxf3+ 27. Rxf3 Rxc2 28. Nf6+ Kh8 29. Rh3 Kg7 30. Nxh7 1-0